| 000 | 00541nmm a2200181Ia 4500 | ||
|---|---|---|---|
| 008 | 251105s9999||||xx |||||||||||||||||und|| | ||
| 020 | _a9788493961817 | ||
| 041 | _aspa | ||
| 100 | _aMéndez Muñiz, Javier María | ||
| 245 | 0 | _aEnergía eólica | |
| 264 |
_a[Madrid, España] : _bFC Editorial, _c2012 |
||
| 300 | _a308 páginas | ||
| 650 | _aEnvironmental Sciences | ||
| 700 | _aMéndez Muñiz, Javier María | ||
| 700 | 1 | _a Rodriguez Rodriguez Luís Manuel | |
| 856 | _uhttps://public.digitaliapublishing.com/a/37865 | ||
| 942 | _cCF | ||
| 999 |
_c68763 _d68763 |
||